[Event "Catalunya-chT Gp2"]
[Site "Barcelona"]
[Date "2024.02.17"]
[Round "5.5"]
[White "Pozanco Romasanta, Marc"]
[Black "Garrido Fernandez, Daniel"]
[Result "0-1"]
[WhiteElo "2033"]
[BlackElo "2278"]
[PlyCount "72"]
[EventDate "2024.01.20"]
[EventType "team-tourn"]
[EventRounds "7"]
[EventCountry "ESP"]
[SourceTitle "CB11_2024"]
[SourceDate "2024.03.13"]
[SourceVersion "1"]
[SourceVersionDate "2024.03.13"]
[SourceQuality "1"]
[WhiteTeam "Llinars"]
[BlackTeam "Foment Martinenc"]
[WhiteTeamCountry "ESP"]
[BlackTeamCountry "ESP"]

1. d4 Nf6 2. c4 e6 3. Nf3 Bb4+ 4. Bd2 Be7 5. Nc3 d5 6. cxd5 exd5 7. Bg5 h6 8. Bf4 c6 9. Qc2 Nbd7 10. e3 Nf8 11. Bd3 Ne6 12. Bg3 0-0 13. 0-0 Bd6 14. Rfd1 Bxg3 15. hxg3 Qe7 16. Rab1 Ng4 17. b4 Ng5 18. Nxg5 Qxg5 19. b5 Qh5 20. Rdc1 Re8 21. Nd1 Qh2+ 22. Kf1 Qh1+ 23. Ke2 Qxg2 24. Bh7+ Kh8 25. Rb3 Nh2 26. Kd2 cxb5 27. Bf5 Nf3+ 28. Kc3 Ne1 29. Qb1 Qf3 30. Bxc8 Raxc8+ 31. Kd2 Qh1 32. Rbc3 Nf3+ 33. Kc2 Qf1 34. Kb2 Rxc3 35. Rxc3 Nd2 36. Qd3 Qxd1 0-1

[Event "Foment Martinenc op-A 23rd"]
[Site "Barcelona"]
[Date "2023.04.29"]
[Round "2"]
[White "Cunillera Amigo, Jose Luis"]
[Black "Garrido Fernandez, Daniel"]
[Result "0-1"]
[WhiteElo "1993"]
[BlackElo "2290"]
[PlyCount "118"]
[EventDate "2023.04.22"]
[EventType "swiss"]
[EventRounds "9"]
[EventCountry "ESP"]
[SourceTitle "EXT 2024"]
[Source "ChessBase"]
[SourceDate "2023.10.10"]
[SourceVersion "1"]
[SourceVersionDate "2023.10.10"]
[SourceQuality "1"]

1. e4 c5 2. Nf3 Nc6 3. Bb5 g6 4. 0-0 Bg7 5. Re1 e5 6. Bxc6 dxc6 7. d3 Qc7 8. Be3 b6 9. c3 Nf6 10. Qc2 0-0 11. d4 cxd4 12. cxd4 exd4 13. Bxd4 Re8 14. Nbd2 Bb7 15. Rac1 Rad8 16. Qc3 Qe7 17. b4 h6 18. a4 Kh7 19. a5 Qe6 20. axb6 axb6 21. h4 c5 22. bxc5 bxc5 23. Qxc5 Qg4 24. Bxf6 Bxf6 25. Qb6 Bxh4 26. Qxb7 Re7 27. Qb4 Red7 28. Nc4 Be7 29. Qb2 f6 30. Qe2 Bb4 31. Rf1 h5 32. Rc2 Re7 33. e5 fxe5 34. Ncxe5 Qf5 35. Rc4 Bd6 36. Re4 Rde8 37. Re1 Bc7 38. Qe3 Bb8 39. Ng5+ Kg7 40. f4 Ba7 41. Rd4 Rd8 42. Ngf3 Qf6 43. Kh1 Bxd4 44. Nxd4 Rxd4 45. Qxd4 Qh4+ 46. Kg1 Qxe1+ 47. Kh2 Qh4+ 48. Kg1 Qf6 49. Nf3 Qxd4+ 50. Nxd4 Re4 51. Nf3 Rxf4 52. Kf2 Kf6 53. Kg3 g5 54. Ng1 Kf5 55. Kh3 Rf1 56. Ne2 g4+ 57. Kg3 Kg5 58. Kh2 h4 59. Ng1 Re1 0-1

[Event "Catalunya-chT Gp1"]
[Site "Barcelona"]
[Date "2023.03.04"]
[Round "7.6"]
[White "Garrido Fernandez, Daniel"]
[Black "Pham Guerrero, Sergi"]
[Result "1/2-1/2"]
[WhiteElo "2281"]
[BlackElo "2166"]
[PlyCount "96"]
[EventDate "2023.01.21"]
[EventType "team-tourn"]
[EventRounds "7"]
[EventCountry "ESP"]
[SourceTitle "CBM 213 Extra"]
[Source "ChessBase"]
[SourceDate "2023.05.31"]
[SourceVersion "1"]
[SourceVersionDate "2023.05.31"]
[SourceQuality "1"]
[WhiteTeam "Foment Martinenc"]
[BlackTeam "Andorra"]
[WhiteTeamCountry "ESP"]
[BlackTeamCountry "AND"]

1. e4 c5 2. Nc3 g6 3. d4 cxd4 4. Qxd4 Nf6 5. e5 Nc6 6. Qf4 Nh5 7. Qe4 f5 8. Qe3 Qa5 9. f4 Bh6 10. g3 d6 11. Nf3 dxe5 12. Nxe5 Nxe5 13. Qxe5 Qxe5+ 14. fxe5 Bg7 15. Bb5+ Kf7 16. Bf4 Be6 17. 0-0-0 Nxf4 18. gxf4 Rhd8 19. Ne2 a6 20. Bd3 Rac8 21. Kd2 Bd5 22. Rhf1 e6 23. a3 g5 24. fxg5 Bxe5 25. Kc1 Bxh2 26. Nc3 Bc4 27. Rh1 Bf4+ 28. Kb1 Bxd3 29. Rxh7+ Kg6 30. Rh6+ Kxg5 31. Rxe6 Bxc2+ 32. Kxc2 Rxd1 33. Kxd1 Rd8+ 34. Ke1 Bd2+ 35. Ke2 Bc1 36. Nd1 Rd2+ 37. Ke1 Rc2 38. Rb6 Rc7 39. Ke2 f4 40. Kf3 Rd7 41. Nf2 Be3 42. Ne4+ Kf5 43. Rxb7 Rxb7 44. Nd6+ Ke5 45. Nxb7 Bc1 46. Nc5 Kd5 47. Nxa6 Bxb2 48. Kxf4 Bxa3 1/2-1/2

[Event "Barcelona Sant Andreu FM"]
[Site "Barcelona"]
[Date "2019.10.26"]
[Round "6"]
[White "Garrido Fernandez, Daniel"]
[Black "Ros Alonso, Jaume"]
[Result "1-0"]
[WhiteElo "2216"]
[BlackElo "2190"]
[PlyCount "23"]
[EventDate "2019.09.14"]
[EventType "tourn"]
[EventRounds "9"]
[EventCountry "ESP"]
[SourceTitle "CBM 195 Extra"]
[Source "ChessBase"]
[SourceDate "2020.05.31"]
[SourceVersion "1"]
[SourceVersionDate "2020.05.31"]
[SourceQuality "1"]

1. e4 c5 2. Nf3 e6 3. d3 Ne7 4. b3 d5 5. Nbd2 Nbc6 6. Bb2 Qc7 7. g3 dxe4 8. dxe4 e5 9. Nc4 Ng6 10. Ne3 Bg4 11. Nxg4 Rd8 12. Qe2 1-0

[Event "Foment Martinenc op-A 21st"]
[Site "Barcelona"]
[Date "2019.06.01"]
[Round "6"]
[White "Travesset Sagre, Jan"]
[Black "Garrido Fernandez, Daniel"]
[Result "0-1"]
[WhiteElo "2019"]
[BlackElo "2194"]
[PlyCount "74"]
[EventDate "2019.04.27"]
[EventType "swiss"]
[EventRounds "9"]
[EventCountry "ESP"]
[SourceTitle "EXT 2020"]
[Source "ChessBase"]
[SourceDate "2019.10.17"]
[SourceVersion "1"]
[SourceVersionDate "2019.10.17"]
[SourceQuality "1"]

1. Nf3 c5 2. c4 g6 3. g3 Bg7 4. Bg2 Nc6 5. 0-0 d6 6. Nc3 e5 7. Ne1 Be6 8. d3 Nge7 9. Nd5 0-0 10. Nc2 Rb8 11. Nce3 b5 12. Nxe7+ Nxe7 13. Nd5 h6 14. Nxe7+ Qxe7 15. Qc2 f5 16. b3 f4 17. Bb2 g5 18. Bc6 Bh3 19. cxb5 Bxf1 20. Rxf1 g4 21. Qc4+ Kh8 22. Bc1 Rf5 23. gxf4 Qh4 24. Qe4 Rbf8 25. e3 exf4 26. exf4 Be5 27. Qg2 Bxf4 28. Bxf4 Rxf4 29. Be4 Qf6 30. Qg3 h5 31. Qe3 h4 32. Kg2 Qe5 33. Kg1 g3 34. f3 Qb2 35. hxg3 hxg3 36. Re1 Qh2+ 37. Kf1 g2+ 0-1

[Event "Catalunya-chT GpB final"]
[Site "Barcelona"]
[Date "2019.03.09"]
[Round "1.7"]
[White "Garrido Fernandez, Daniel"]
[Black "Gallart Zafra, Jaume"]
[Result "1/2-1/2"]
[WhiteElo "2194"]
[BlackElo "2167"]
[PlyCount "72"]
[EventDate "2019.03.09"]
[EventType "team-tourn"]
[EventRounds "4"]
[EventCountry "ESP"]
[SourceTitle "EXT 2020"]
[Source "ChessBase"]
[SourceDate "2019.10.17"]
[SourceVersion "1"]
[SourceVersionDate "2019.10.17"]
[SourceQuality "1"]
[WhiteTeam "Foment Martinenc"]
[BlackTeam "Tres Peons"]
[WhiteTeamCountry "ESP"]
[BlackTeamCountry "ESP"]

1. e4 c5 2. Nf3 d6 3. Bb5+ Bd7 4. Bxd7+ Qxd7 5. c4 Nc6 6. d4 cxd4 7. Nxd4 e6 8. Nc3 Nxd4 9. Qxd4 Ne7 10. 0-0 Nc6 11. Qd2 Be7 12. b3 Rd8 13. Bb2 0-0 14. Rad1 a6 15. f4 Qc7 16. Rf3 Rfe8 17. Kh1 Qa5 18. Rh3 Bf6 19. g4 Bd4 20. g5 b5 21. cxb5 axb5 22. Qe1 Qb4 23. Qh4 Kf8 24. Qxh7 g6 25. e5 dxe5 26. Qh8+ Ke7 27. Qf6+ Kd7 28. fxe5 Kc8 29. Qf3 Nxe5 30. Qa8+ Kc7 31. Rxd4 Rxd4 32. Qxe8 Rd8 33. Nxb5+ Kb7 34. Qxd8 Qe1+ 35. Kg2 Qe2+ 36. Kg1 Qe1+ 1/2-1/2

[Event "Foment Martinenc op-A 20th"]
[Site "Barcelona"]
[Date "2018.06.02"]
[Round "7"]
[White "Garrido Fernandez, Daniel"]
[Black "Valenzuela Gomez, Fernando Alberto"]
[Result "0-1"]
[WhiteElo "2182"]
[BlackElo "2393"]
[PlyCount "102"]
[EventDate "2018.04.21"]
[EventType "swiss"]
[EventRounds "9"]
[EventCountry "ESP"]
[SourceTitle "CBM 184 Extra"]
[Source "ChessBase"]
[SourceDate "2018.06.28"]
[SourceVersion "1"]
[SourceVersionDate "2018.06.28"]
[SourceQuality "1"]

1. e4 c5 2. Nc3 a6 3. g3 Nc6 4. Bg2 g6 5. d3 Bg7 6. f4 d6 7. Nf3 e6 8. Be3 Nge7 9. 0-0 0-0 10. Qd2 Nd4 11. Nd1 b5 12. c3 Nxf3+ 13. Bxf3 Bb7 14. d4 cxd4 15. cxd4 d5 16. e5 f6 17. g4 Qb6 18. Nc3 Nc6 19. Ne2 b4 20. Bg2 Rac8 21. Rfc1 f5 22. g5 Rf7 23. Rc2 Rfc7 24. Rac1 a5 25. Bf1 Ba6 26. Ng3 Bxf1 27. Kxf1 b3 28. axb3 Bf8 29. Ne2 Qxb3 30. Rc3 Qb6 31. R3c2 a4 32. Kf2 Na5 33. Rxc7 Rxc7 34. Rxc7 Qxc7 35. Qc3 Qb6 36. Nc1 Nc4 37. Nd3 Qb5 38. Bc1 Be7 39. Kf3 Kf7 40. Kf2 Qb6 41. Kf3 Qa7 42. Be3 Qa8 43. Kf2 h6 44. h4 Qh8 45. Bc1 hxg5 46. hxg5 Qh2+ 47. Kf3 Qh1+ 48. Kf2 Qd1 49. Be3 Bd8 50. Nc5 Ba5 51. Qc1 Be1+ 0-1

[Event "Foment Martinenc op-A 20th"]
[Site "Barcelona"]
[Date "2018.05.26"]
[Round "6"]
[White "Chalmeta Ugas, Jordi Ramon"]
[Black "Garrido Fernandez, Daniel"]
[Result "1/2-1/2"]
[WhiteElo "2164"]
[BlackElo "2182"]
[PlyCount "27"]
[EventDate "2018.04.21"]
[EventType "swiss"]
[EventRounds "9"]
[EventCountry "ESP"]
[SourceTitle "CBM 184 Extra"]
[Source "ChessBase"]
[SourceDate "2018.06.28"]
[SourceVersion "1"]
[SourceVersionDate "2018.06.28"]
[SourceQuality "1"]

1. d4 f5 2. c4 Nf6 3. Nf3 g6 4. Nc3 Bg7 5. e3 0-0 6. Be2 d6 7. 0-0 Nc6 8. d5 Nb8 9. Qc2 e5 10. dxe6 Bxe6 11. Rd1 Na6 12. a3 Nc5 13. Nd4 Bf7 14. b4 1/2-1/2

[Event "Catalunya-chT Gp1"]
[Site "Barcelona"]
[Date "2018.02.10"]
[Round "4.7"]
[White "Vall de Vilaramo, Jordi"]
[Black "Garrido Fernandez, Daniel"]
[Result "0-1"]
[WhiteElo "2137"]
[BlackElo "2182"]
[PlyCount "146"]
[EventDate "2018.01.20"]
[EventType "team-tourn"]
[EventRounds "7"]
[EventCountry "ESP"]
[SourceTitle "CBM 182 Extra"]
[Source "ChessBase"]
[SourceDate "2018.02.23"]
[SourceVersion "1"]
[SourceVersionDate "2018.02.23"]
[SourceQuality "1"]
[WhiteTeam "Olot"]
[BlackTeam "Foment Martinenc"]
[WhiteTeamCountry "ESP"]
[BlackTeamCountry "ESP"]

1. Nf3 c5 2. g3 g6 3. Bg2 Bg7 4. c4 Nc6 5. Nc3 e5 6. 0-0 Nge7 7. Ne1 0-0 8. Nc2 d6 9. d3 Be6 10. Ne3 Rb8 11. Ned5 a6 12. a4 h6 13. Bd2 f5 14. f4 Nc8 15. e3 N8a7 16. b3 b5 17. axb5 axb5 18. Ra6 Bc8 19. Ra2 Qd7 20. Ne2 bxc4 21. bxc4 Qf7 22. Bc3 Be6 23. Qd2 Rb3 24. Rb2 Rfb8 25. Rfb1 Rxb2 26. Rxb2 Rb7 27. Rxb7 Qxb7 28. Qb2 Qxb2 29. Bxb2 Bxd5 30. Bxd5+ Kf8 31. Nc1 Nb4 32. Bb7 Ke7 33. Kf1 Kd7 34. Ke2 Nac6 35. Nb3 Nd8 36. Bg2 Ne6 37. Bc1 exf4 38. gxf4 Bc3 39. Bd2 Bxd2 40. Kxd2 g5 41. fxg5 hxg5 42. d4 cxd4 43. Nxd4 Nxd4 44. exd4 Na6 45. Bd5 Nc7 46. Bg8 Ne8 47. Bd5 Nf6 48. Bg2 Ke6 49. Kd3 Ng4 50. h3 Nf6 51. Bf3 Nd7 52. Bd5+ Ke7 53. Bc6 Nf8 54. Ke3 Ng6 55. Kf3 Nf4 56. h4 Ne6 57. Bb7 gxh4 58. Ke3 Kf6 59. Bg2 Kg5 60. Bd5 Nc7 61. Bb7 Kg4 62. c5 d5 63. Bc8 h3 64. Kf2 Kf4 65. Bd7 Ke4 66. Kg3 f4+ 67. Kxh3 Kxd4 68. c6 Ke3 69. Kg2 d4 70. Kf1 d3 71. Ke1 f3 72. Bh3 d2+ 73. Kd1 Nd5 0-1

[Event "Catalunya-chT Gp1"]
[Site "Barcelona"]
[Date "2018.01.20"]
[Round "1.7"]
[White "Garrido Fernandez, Daniel"]
[Black "Bofill Mas, Alejandro"]
[Result "1-0"]
[WhiteElo "2182"]
[BlackElo "2320"]
[PlyCount "81"]
[EventDate "2018.01.20"]
[EventType "team-tourn"]
[EventRounds "7"]
[EventCountry "ESP"]
[SourceTitle "CBM 182 Extra"]
[Source "ChessBase"]
[SourceDate "2018.02.23"]
[SourceVersion "1"]
[SourceVersionDate "2018.02.23"]
[SourceQuality "1"]
[WhiteTeam "Foment Martinenc"]
[BlackTeam "Colon Sabadell"]
[WhiteTeamCountry "ESP"]
[BlackTeamCountry "ESP"]

1. e4 c5 2. Nf3 e6 3. d3 Nc6 4. g3 d6 5. Bg2 Nf6 6. 0-0 Be7 7. c3 c4 8. dxc4 Nxe4 9. Nd4 Nxd4 10. cxd4 Nf6 11. Nc3 0-0 12. Qe2 a6 13. Bf4 Re8 14. Rfd1 Ra7 15. Rac1 Bf8 16. b4 b6 17. h3 Bb7 18. Bxb7 Rxb7 19. Qf3 Qc8 20. g4 Nd7 21. Ne4 e5 22. Bg3 Rc7 23. Qd3 d5 24. Nd2 Bxb4 25. dxe5 Nc5 26. Qb1 Bxd2 27. Rxd2 Ne4 28. Rxd5 Nxg3 29. Qd3 f5 30. Qxg3 Rxc4 31. Rxc4 Qxc4 32. Qb3 Qxb3 33. axb3 f4 34. Kg2 Rc8 35. Rd6 b5 36. e6 Kf8 37. Rxa6 Rc3 38. Ra7 f3+ 39. Kg3 Rxb3 40. Rf7+ Kg8 41. Rf5 1-0

[Event "Barcelona Paredes Memorial 19th"]
[Site "Barcelona"]
[Date "2017.05.27"]
[Round "6"]
[White "Garcia Ramos, Daniel"]
[Black "Garrido Fernandez, Daniel"]
[Result "0-1"]
[WhiteElo "2208"]
[BlackElo "2205"]
[PlyCount "138"]
[EventDate "2017.04.22"]
[EventType "swiss"]
[EventRounds "9"]
[EventCountry "ESP"]
[SourceTitle "EXT 2018"]
[Source "ChessBase"]
[SourceDate "2017.10.13"]
[SourceVersion "1"]
[SourceVersionDate "2017.10.13"]
[SourceQuality "1"]

1. e4 c5 2. Nf3 Nc6 3. d4 cxd4 4. Nxd4 g6 5. c4 Bg7 6. Be3 Nf6 7. Nc3 0-0 8. Be2 d6 9. 0-0 Bd7 10. Nc2 Rc8 11. f3 Na5 12. Na3 a6 13. Qd2 Be6 14. Nd5 Nc6 15. Rac1 Nd7 16. Nb1 f5 17. Nbc3 Bf7 18. exf5 gxf5 19. Rfd1 Nde5 20. Bf1 Qe8 21. Qf2 Ng6 22. b3 e6 23. Nf4 Nxf4 24. Bxf4 e5 25. Be3 Nd4 26. Ne2 Nxe2+ 27. Bxe2 Qe7 28. f4 e4 29. Bd4 Bxd4 30. Qxd4 Rc6 31. Rc3 Bg6 32. Rg3 Qf6 33. Qxf6 Rxf6 34. Rc3 Bf7 35. Kf2 Kf8 36. b4 Rh6 37. h3 Ke7 38. a4 Be6 39. Rd4 Rf6 40. Rb3 Rf8 41. b5 axb5 42. Rxb5 b6 43. g4 Kd7 44. Ke3 Kc7 45. gxf5 Bxf5 46. Bg4 Bg6 47. Be6 Rc5 48. Rxc5+ bxc5 49. Rd2 Rf6 50. Bd5 Kb6 51. Rb2+ Ka5 52. Bc6 Bf5 53. Rb8 Rh6 54. Ra8+ Kb4 55. Bd5 Rxh3+ 56. Kf2 e3+ 57. Kg2 Kc3 58. Re8 Kd2 59. Bf3 Rh6 60. a5 Rg6+ 61. Kh2 d5 62. cxd5 c4 63. Re5 c3 64. d6 Rxd6 65. a6 c2 66. a7 c1Q 67. Rd5+ Rxd5 68. a8Q Rc5 69. Qd8+ Bd3 0-1

[Event "Barcelona Paredes Memorial 19th"]
[Site "Barcelona"]
[Date "2017.04.22"]
[Round "1"]
[White "Garrido Fernandez, Daniel"]
[Black "Catala Ulied, Bernat"]
[Result "1-0"]
[WhiteElo "2205"]
[BlackElo "1898"]
[PlyCount "111"]
[EventDate "2017.04.22"]
[EventType "swiss"]
[EventRounds "9"]
[EventCountry "ESP"]
[SourceTitle "EXT 2018"]
[Source "ChessBase"]
[SourceDate "2017.10.13"]
[SourceVersion "1"]
[SourceVersionDate "2017.10.13"]
[SourceQuality "1"]

1. e4 c5 2. Nf3 d6 3. Bb5+ Bd7 4. Bxd7+ Qxd7 5. c4 e5 6. Nc3 Ne7 7. d3 g6 8. 0-0 Nbc6 9. a3 Bg7 10. Rb1 a5 11. Bd2 0-0 12. Nd5 a4 13. Nb6 Qc7 14. Nxa8 Rxa8 15. b3 axb3 16. Rxb3 b6 17. Qc1 f5 18. Qb2 Nc8 19. Rb1 f4 20. Bc3 h6 21. h4 Nd8 22. Ra1 Ra4 23. Rb5 Ne6 24. Qc2 Qa7 25. Bb2 g5 26. hxg5 hxg5 27. g4 Kf7 28. Qd1 Kf6 29. Nd2 Nc7 30. Rb3 Ne6 31. Nb1 Ne7 32. Nc3 Ra6 33. Nd5+ Kf7 34. Nxe7 Kxe7 35. Qf3 Kf6 36. Qh3 Qf7 37. Qh7 Qg6 38. Qh3 Nf8 39. Kg2 Nd7 40. Rh1 Ra4 41. Bc3 Ra8 42. Qf3 Ra4 43. Qd1 Ra6 44. Qc1 Ra4 45. Rb1 Qe8 46. Qb2 Qa8 47. Qb5 Nf8 48. Qxb6 Ra6 49. Qc7 Ne6 50. Qd7 Rxa3 51. Rb7 Qf8 52. Rh6+ Bxh6 53. Qh7 f3+ 54. Kg3 Nd4 55. Bxd4 Ke6 56. Qd7+ 1-0